Successful mineral collecting and prospecting.

Bibliographic Details
Main Author: Pearl, Richard M. (Richard Maxwell), 1913-1980
Format: Book
Language:English
Published: New York : McGraw-Hill, [1961]
Edition:[1st ed.].
Subjects:

MARC

Tag First Indicator Second Indicator Subfields
LEADER 00000cam a22000001 4500
001 in00000040919
005 20151007064728.0
008 720420s1961 nyua b 00000 eng
010 |a  61015898  
035 |a (OCoLC)00486944 
035 |9 AAE0476AM 
040 |a DLC  |c DLC  |d TXA  |d UtOrBLW 
049 |a TXAM  |c [340890] 
050 0 |a QE50  |b .P42 
082 0 |a 549.075 
092 |a 549.075  |b P359s, 1961 
100 1 |a Pearl, Richard M.  |q (Richard Maxwell),  |d 1913-1980. 
245 1 0 |a Successful mineral collecting and prospecting. 
250 |a [1st ed.]. 
264 1 |a New York :  |b McGraw-Hill,  |c [1961] 
300 |a 164 pages :  |b illustrations ;  |c 28 cm. 
336 |a text  |b txt  |2 rdacontent 
337 |a unmediated  |b n  |2 rdamedia 
338 |a volume  |b nc  |2 rdacarrier 
504 |a Includes bibliography. 
650 0 |a Minerals  |x Collection and preservation. 
650 0 |a Prospecting. 
999 |a MARS 
999 f f |s 9f24255b-4426-310b-9fec-8c814f963034  |i 563875f6-970f-3cc9-816e-d86a2f914513  |t 0 
952 f f |p ric  |a Texas A&M University  |b Rellis Campus  |c Joint Library Facility  |d Remote Storage  |t 0  |e QE50 .P42  |h Library of Congress classification  |i unmediated -- volume  |m A14800947754 
998 f f |a QE50 .P42  |t 0  |l Remote Storage